00991nac a22002897a 4500001001000000003000900010005001700019008003400036040005400070072001300124100001700137100001500154100002500169100001600194100002000210100002400230110007400254245012000328260003800448300000900486490009700495650001700592650002200609650002300631650002000654650002700674BR0304304BR-BrBNA20240105122853.0230509b bl.|||m| |||| 00| 0 por d aBR-BrBNAbporcBiblioteca Nacional de Agricultura aH10; F301 aLima, L.H.C.1 aCampos, L.1 aMoretzsohn, M. de C.1 aNávia, D.1 aSilva, O.L.R. e1 aOliveira, M.R.V. de1 aEMBRAPA Recursos Genéticos e Biotecnologia, Brasília, DF (Brasil)1 aII. Populações do complexo Bemisia tabaci (Gennadius)através de RAPD-PCR: análise da diversidade genética3 aBrasília, DF (Brasil): c1990.  a5 p. aPesquisa em Andamento - EMBRAPA Recursos Genéticos e Biotecnologiavno. 22xISSN 0103-2899 aMOSCA BRANCA aPLANTA HOSPEDEIRA aMARCADOR MOLECULAR aPRAGA DE PLANTA aMÉTODO ESTATÍSTICO